000 00538nam a2200181Ia 4500
005 20250326142005.0
008 250326s9999 xx 000 0 und d
037 _aTextbook
040 _aFMSL
_beng
_cFMSL
041 _aeng
_2eng
084 _aX:512 M8
_qFMSL
100 _aDabbis Owen
_9745397
245 0 _aPromoting sales : A systematic approach to benefit selling
_cDabbis Owen; Pereira P
260 _aBombay
_bBombay, Jaico Pub House
_c1988
300 _a257p
942 _cTB
_hX:512 M8
999 _c1292939
_d1292939